[hebr.] Disputatio Theologica De Praedestinatione,

Bibliographic Details
Main Author: Deutschmann, Johann, 1625-1706 (Author, Thesis advisor)
Corporate Author: Burckhard, Johann (Wittenberg, Nemecko) (Printer)
Other Authors: Burckhard, Johann (Printer), Bangius, Johannes (Dissertant), Holste, Hartwich (Contributor), Schmidius, Gottfridus (Contributor), Sassius, Paulus N. (Contributor), Ansgarius (Contributor), Deutschmann, Johann (Contributor), Trentsch, Christian (Contributor), Pfeiffer, August, 1640-1698 (Contributor), Focardus, Albertus (Contributor), Calov, Abraham (Contributor), Sassius, Matthias (Contributor)
Format: Book
Language:Latin
PhysicalDescription:A4-C4 [=12] listov 4°
Published: [Wittenberg] Typis Johannis Borckardi [1665]
Subjects:

MARC

LEADER 00000nam a2200000 a 4500
001 vtls011890146
003 SK-MaSNL
005 20260301144401.0
008 251112 1665 gw 000 0 lat
015 |a SNBHFA 
040 |a SNKHF  |b slo  |c SNKHF  |e AACR2 
041 0 |a lat 
044 |a gw  |c DE 
072 7 |a 2-1  |x Prirodzená teológia. Náboženská filozofia  |2 konspekt 
080 |a 2-1  |2 2011 
100 1 |a Deutschmann, Johann,  |d 1625-1706  |4 aut  |4 ths  |9 288492 
245 1 8 |a [hebr.] Disputatio Theologica  |b De Praedestinatione,  |c Qvam In famigeratissima ad Albim Leucorea Sub auspicio Salutis fontis Jesu Christi & Praesidio Viri Magnifici Maximè Reverendi, Amplissimi & Excellentissimi Dn. Johannis Deutschmann/ S.S. Theol. Doct. Ejusdemq; Facult. Prof. Publ. longe ceberrimi, Electoralium item Alumnorum Ephori gravissimi, nec non Collegii Theologici p.t. Decani Spectatissimi, Dn. Patroni promotoris ac Praeceptoris sui perpetuis observantiae cultibus devenerandi. ; Publico Eruditorum Examini subjicit Autor & Defendens Johannes Bangius Asnea Danus. In Acroaterio Theologorum Ad Diem II. Novemb. A. CIC IC C.LXV. 
246 3 0 |a De Praedestinatione 
260 |a [Wittenberg]  |b Typis Johannis Borckardi  |c [1665] 
300 |a A4-C4 [=12] listov  |c 4° 
500 |a Linka, kustody 
501 |a Príväzok 19. k: LANGHANSEN, Christoph. Dissertatio Politica Communionem Bonorum In Republica. Regiomonti: Johann Reusner, 1655. 4°.  |5 SNK ID 101209 
508 |a Príl. b.: Holste, Hartwich; Schmidius, Gottfridus; Sassius, Paulus N.; Ansgarius; Deutschmann, Johann; Trentsch, Christian; Pfeiffer, Augustus; Focardus, Albertus; Calov, Abraham; Sassius, Matthias; Bangius, Johannes 
546 |a Latinský jazyk  |b Antikva 
561 |a Z knižnice Učenej spoločnosti malohontskej.  |5 SNK ID 101209/prív.19 
650 0 7 |a teológia  |2 SNKPH  |9 1814 
700 1 |a Burckhard, Johann  |4 prt  |9 288504 
700 1 |a Bangius, Johannes  |4 dis  |4 hnr  |9 502630 
700 1 |a Holste, Hartwich  |4 ctb  |9 502631 
700 1 |a Schmidius, Gottfridus  |4 ctb  |9 502632 
700 1 |a Sassius, Paulus N.  |4 ctb  |9 502633 
700 1 |a Ansgarius  |4 ctb  |9 502634 
700 1 |a Deutschmann, Johann  |4 ctb  |9 359626 
700 1 |a Trentsch, Christian  |4 ctb  |9 403546 
700 1 |a Pfeiffer, August,  |d 1640-1698  |4 ctb  |9 359624 
700 1 |a Focardus, Albertus  |4 ctb  |9 502635 
700 1 |a Calov, Abraham  |4 ctb  |9 502636 
700 1 |a Sassius, Matthias  |4 ctb  |9 502637 
710 2 |a Učená spoločnosť malohontská  |4 fmo  |9 205374 
710 2 |a Burckhard, Johann (Wittenberg, Nemecko),  |d 1647-1689  |4 prt  |9 502638 
752 |a Nemecko  |d Wittenberg 
852 |a snk  |b Historické fondy  |p ID 101209/prív.19 
999 |c 776913  |d 778843 
952 |t MHC 1334  |a SNK  |b SNK  |c SNK_HF  |y PREZ  |7 0  |p 17A1356651  |o snkID 101209/prív.19  |i snk2019/22840  |8 5  |0 0  |1 0  |4 0  |d 2019-09-30  |l 0  |r 2026-02-24 00:53:00  |w 2026-02-24